|
|
|
|
| LEADER |
01347nam a22002897a 4500 |
| 001 |
44484 |
| 003 |
BD-DhAAL |
| 005 |
20250722135916.0 |
| 008 |
250722r20092009bg ||||| |||| 00| 0 ben d |
| 020 |
|
|
|a 984868526X
|
| 020 |
|
|
|a 9789848685266
|
| 040 |
|
|
|a BD-DhAAL
|c BD-DhAAL
|
| 041 |
|
|
|a ben
|
| 082 |
|
|
|a 891.44372
|2 23
|
| 100 |
|
|
|a আহমেদ, হুমায়ূন,
|d ১৯৪৮-২০১২.
|
| 245 |
|
|
|a মানবী /
|c হুমায়ূন আহমেদ.
|
| 246 |
|
|
|f Manobi
|
| 260 |
|
|
|a ঢাকা :
|b অন্যপ্রকাশ,
|c ২০০৯
|g (২০০৯ মুদ্রণ)
|
| 300 |
|
|
|a ৯৫ পৃষ্ঠা ;
|c ২২ সে.মি.
|
| 500 |
|
|
|a প্রথম প্রকাশ পঞ্চম মুদ্রণ
|
| 541 |
|
|
|a Donated by Farhana Zahir, Assistant Professor, BRAC Business School
|e 44484
|
| 650 |
|
|
|a Bengali fiction.
|
| 650 |
|
|
|a Bengali literature.
|
| 852 |
|
|
|a Ayesha Abed Library
|c General Stacks
|
| 942 |
|
|
|2 ddc
|c BK
|
| 999 |
|
|
|c 47335
|d 47335
|
| 952 |
|
|
|0 0
|1 0
|2 ddc
|4 0
|6 891_443720000000000_AHM
|7 0
|9 77882
|a BRACUL
|b BRACUL
|c GEN
|d 2025-07-22
|e Donated by Farhana Zahir, Assistant Professor, BRAC Business School
|g 135.00
|l 5
|m 13
|o 891.44372 AHM
|p 3010044484
|q 2026-07-30
|r 2025-11-23
|s 2025-11-23
|t 1
|v 270.00
|w 2025-07-22
|y BK
|x Donated by Farhana Zahir, Assistant Professor, BRAC Business School
|